Madhav P. Pandit: A Biography/ (Record no. 190974)

MARC details
000 -LEADER
fixed length control field 00517nam a22001817a 4500
005 - DATE AND TIME OF LATEST TRANSACTION
control field 20220816161440.0
010 ## - LCCN (DPL NO)
LC control number ENG-134422
020 ## - INTERNATIONAL STANDARD BOOK NUMBER
International Standard Book Number 9788179941515
Terms of availability 300.00
035 ## - SYSTEM CONTROL NUMBER
System control number EN-117954
037 ## - SOURCE OF ACQUISITION
Source of stock number/acquisition DBAD/PUB
082 ## - DEWEY DECIMAL CLASSIFICATION NUMBER
Classification number 920
100 ## - MAIN ENTRY--PERSONAL NAME
Personal name Kashyap, R.L.
245 ## - TITLE STATEMENT
Title Madhav P. Pandit: A Biography/
Statement of responsibility, etc R.L.Kashyap
260 ## - PUBLICATION, DISTRIBUTION, ETC. (IMPRINT)
Date of publication, distribution, etc 2018
Place of publication, distribution, etc Bengalure
Name of publisher, distributor, etc Sakshi
270 ## - ADDRESS
Address #63, 13th Main, 4th Block East, Jayanagar
City Bengalure
Postal code 560011
300 ## - PHYSICAL DESCRIPTION
Extent 160p.
Dimensions 21cm(hb)
942 ## - ADDED ENTRY ELEMENTS (KOHA)
Source of classification or shelving scheme Dewey Decimal Classification
Item type English Books
Classification part 920
Call number suffix KAS
Holdings
Withdrawn status Lost status Not for loan Collection code Home library Current library Date acquired Source of acquisition Cost, normal purchase price Full call number Barcode Copy number Cost, replacement price Koha item type
      Non-fiction Ashok Vihar Ashok Vihar 16/08/2022 DBAD/PUB 300.00 920 KAS EN-117954 1 300.00 English Books

© Delhi Public Library
Hit Counter
free hit counter